[Event "Titled Tuesday intern op 27th Sep Early"]
[Site "Chess.com INT"]
[Date "2022.09.27"]
[Round "8"]
[White "Jaskolka, Tomasz"]
[Black "Wachinger, Guenther"]
[Result "1/2-1/2"]
[WhiteElo "2213"]
[BlackElo "2218"]
[PlyCount "188"]
[EventDate "2022.09.27"]
[EventType "swiss (blitz)"]
[EventRounds "11"]
[EventCountry "USA"]
[SourceTitle "CBM 210 Extra"]
[Source "ChessBase"]
[SourceDate "2022.11.30"]
[SourceVersion "1"]
[SourceVersionDate "2022.11.30"]
[SourceQuality "1"]

1. d4 Nf6 2. c4 e6 3. g3 c5 4. d5 exd5 5. cxd5 b5 6. a4 b4 7. Bg2 d6 8. Nd2 g6 9. Nc4 Bg7 10. Nf3 0-0 11. 0-0 a5 12. Bf4 Ra6 13. Re1 Nh5 14. Bg5 Qc7 15. e4 Nd7 16. Qd3 Nb6 17. b3 Nxc4 18. Qxc4 Rb6 19. Rac1 Ba6 20. Qc2 c4 21. Re3 h6 22. Bf4 g5 23. Bxg5 hxg5 24. Nxg5 Qe7 25. h4 cxb3 26. Qxb3 Bh6 27. f4 Rc8 28. Rxc8+ Bxc8 29. e5 Bf5 30. exd6 Qxd6 31. Re8+ Kg7 32. Qb2+ Qf6 33. Qf2 b3 34. Ne6+ Rxe6 35. dxe6 b2 36. Rb8 b1Q+ 37. Rxb1 Bxb1 38. exf7 Qxf7 39. Qb2+ Qf6 40. Qxb1 Nxg3 41. Qb7+ Kh8 42. Qa8+ Bf8 43. Qxa5 Qxf4 44. Qc3+ Bg7 45. Qf3 Bd4+ 46. Kh2 Nf1+ 47. Kh3 Qh2+ 48. Kg4 Ne3+ 49. Kh5 Qe5+ 50. Kg6 Qg7+ 51. Kh5 Qh7+ 52. Kg5 Qg7+ 53. Kh5 Nxg2 54. Qa8+ Kh7 55. Qe4+ Kg8 56. Qe8+ Kh7 57. Qe4+ Kg8 58. Qe8+ Qf8 59. Qg6+ Kh8 60. Qxg2 Be3 61. Kg4 Qf4+ 62. Kh3 Qxa4 63. Qf3 Bf4 64. Qh5+ Kg7 65. Qg4+ Kf6 66. Qf3 Qd4 67. Kg4 Ke5 68. Qe2+ Be3+ 69. Kh3 Qf4 70. Qb5+ Ke6 71. Qc6+ Ke7 72. Qb7+ Kd8 73. Qd5+ Kc7 74. Qa5+ Kc6 75. Qa6+ Kc7 76. Qa5+ Bb6 77. Qc3+ Kb7 78. Qg7+ Bc7 79. Qg2+ Kb8 80. Qb2+ Kc8 81. Qh8+ Kb7 82. Qb2+ Ka6 83. Qa3+ Ba5 84. Qd3+ Kb6 85. Qd8+ Kb5 86. Qd7+ Kb4 87. Qe7+ Kb3 88. Qe6+ Ka4 89. Qg4 Qxg4+ 90. Kxg4 Bd2 91. Kf5 Kb3 92. Kg6 Kc2 93. h5 Kd1 94. h6 Bxh6 1/2-1/2

[Event "Titled Tuesday intern op 27th Sep Late"]
[Site "Chess.com INT"]
[Date "2022.09.27"]
[Round "5"]
[White "Wachinger, Guenther"]
[Black "Amburgy, Ryan"]
[Result "0-1"]
[WhiteElo "2218"]
[BlackElo "2179"]
[PlyCount "49"]
[EventDate "2022.09.27"]
[EventType "swiss (blitz)"]
[EventRounds "11"]
[EventCountry "USA"]
[SourceTitle "CBM 210 Extra"]
[Source "ChessBase"]
[SourceDate "2022.11.30"]
[SourceVersion "1"]
[SourceVersionDate "2022.11.30"]
[SourceQuality "1"]

1. e4 c6 2. c4 d5 3. cxd5 cxd5 4. exd5 Nf6 5. Nc3 Nxd5 6. Nf3 Nc6 7. Bb5 g6 8. 0-0 Bg7 9. d4 0-0 10. h3 Bf5 11. Re1 Ncb4 12. Ba4 Rc8 13. Bb3 Nxc3 14. bxc3 Nd3 15. Re3 Nxc1 16. Rxc1 Bh6 17. c4 Bxe3 18. fxe3 e6 19. Ne5 Qg5 20. Qf3 h5 21. Rf1 f6 22. Nd7 Rf7 23. Nc5 b6 24. Ne4 Bxe4 25. Qxe4 0-1

[Event "Titled Tuesday intern op 27th Sep Early"]
[Site "Chess.com INT"]
[Date "2022.09.27"]
[Round "6"]
[White "Wachinger, Guenther"]
[Black "Bashirli, Saadat"]
[Result "1-0"]
[WhiteElo "2218"]
[BlackElo "1567"]
[PlyCount "69"]
[EventDate "2022.09.27"]
[EventType "swiss (blitz)"]
[EventRounds "11"]
[EventCountry "USA"]
[SourceTitle "CBM 210 Extra"]
[Source "ChessBase"]
[SourceDate "2022.11.30"]
[SourceVersion "1"]
[SourceVersionDate "2022.11.30"]
[SourceQuality "1"]

1. e4 c5 2. Nf3 g6 3. d4 cxd4 4. Qxd4 Nf6 5. Nc3 Nc6 6. Qd3 d6 7. Bg5 Bg7 8. Be2 0-0 9. 0-0 Be6 10. Nd5 Bxd5 11. exd5 Nb4 12. Qb3 Nbxd5 13. Qxb7 Rb8 14. Qxa7 Rxb2 15. c4 Nc3 16. Bd3 e5 17. Qa3 Ne2+ 18. Kh1 Qb6 19. Be3 Nd4 20. Bc1 Nc2 21. Qxb2 Qxb2 22. Bxb2 e4 23. Bxc2 exf3 24. gxf3 Rb8 25. Bxf6 Bxf6 26. Rab1 Rc8 27. Be4 Rxc4 28. Rb7 Rd4 29. Rc1 Bh4 30. Rcc7 Bxf2 31. Rxf7 Rd1+ 32. Kg2 Be3 33. Rg7+ Kf8 34. Rbf7+ Ke8 35. Bc6+ 1-0

[Event "Titled Tuesday intern op 13th Sep Early"]
[Site "Chess.com INT"]
[Date "2022.09.13"]
[Round "5"]
[White "Chan, Luis"]
[Black "Wachinger, Guenther"]
[Result "0-1"]
[WhiteElo "2192"]
[BlackElo "2218"]
[PlyCount "86"]
[EventDate "2022.09.13"]
[EventType "swiss (blitz)"]
[EventRounds "11"]
[EventCountry "USA"]
[SourceTitle "EXT 2023"]
[Source "ChessBase"]
[SourceDate "2022.10.05"]
[SourceVersion "1"]
[SourceVersionDate "2022.10.05"]
[SourceQuality "1"]

1. b3 e5 2. Bb2 Nc6 3. e3 g6 4. d4 Bg7 5. Nf3 d6 6. dxe5 Nge7 7. Be2 0-0 8. 0-0 dxe5 9. Qc1 Bg4 10. h3 Bf5 11. Rd1 Qc8 12. c4 Bxh3 13. gxh3 Qxh3 14. Nh2 Nf5 15. e4 Nfd4 16. Bf1 Qh4 17. Nd2 Rad8 18. Qc3 Bh6 19. Ndf3 Nxf3+ 20. Qxf3 Bf4 21. Qh3 Bxh2+ 22. Qxh2 Qxe4 23. Re1 Qf5 24. Bg2 Nd4 25. Rxe5 Qg4 26. Bxd4 Rxd4 27. Rae1 h5 28. Re7 h4 29. Qh3 Qg5 30. Rxc7 Rd2 31. Rxb7 Rxa2 32. Rbe7 Rd8 33. R7e5 Qf6 34. R5e4 Qxf2+ 35. Kh2 Rdd2 36. Re8+ Kg7 37. Rg1 Qg3+ 38. Qxg3 hxg3+ 39. Kxg3 Rd3+ 40. Bf3 Rxb3 41. Rge1 Raa3 42. Rf1 Rc3 43. Rc8 Ra4 0-1

[Event "Titled Tuesday intern op 13th Sep Early"]
[Site "Chess.com INT"]
[Date "2022.09.13"]
[Round "7"]
[White "Wachinger, Guenther"]
[Black "Guz, Ari"]
[Result "1-0"]
[WhiteElo "2218"]
[BlackElo "2305"]
[PlyCount "141"]
[EventDate "2022.09.13"]
[EventType "swiss (blitz)"]
[EventRounds "11"]
[EventCountry "USA"]
[SourceTitle "EXT 2023"]
[Source "ChessBase"]
[SourceDate "2022.10.05"]
[SourceVersion "1"]
[SourceVersionDate "2022.10.05"]
[SourceQuality "1"]

1. e4 c5 2. Nf3 e6 3. b4 cxb4 4. a3 bxa3 5. d4 d5 6. e5 Ne7 7. Bxa3 Nbc6 8. Bd3 Nf5 9. Bxf8 Kxf8 10. c3 h5 11. 0-0 g5 12. Na3 g4 13. Ne1 Kg7 14. Nec2 f6 15. f4 fxe5 16. Bxf5 exf5 17. fxe5 Rf8 18. Nb5 f4 19. Nd6 Qg5 20. Rb1 b6 21. Nb4 Nxb4 22. cxb4 Bf5 23. Rc1 f3 24. Rc7+ Kg6 25. Nxf5 Rxf5 26. Qc2 Qe3+ 27. Qf2 Qxf2+ 28. Rxf2 fxg2 29. Kxg2 Raf8 30. Rxf5 Kxf5 31. Rxa7 Ke4 32. Rb7 Kxd4 33. e6 Ke3 34. Rxb6 d4 35. e7 Re8 36. Re6+ Kd2 37. b5 d3 38. b6 Kc2 39. b7 d2 40. Rd6 d1Q 41. Rxd1 Kxd1 42. Kg3 Ke2 43. Kh4 Kf3 44. Kxh5 Rh8+ 45. Kg5 Re8 46. Kf5 Rb8 47. Kg5 Rg8+ 48. Kf5 Rh8 49. Kg5 Re8 50. Kf5 Rg8 51. Kf6 Kg2 52. Kf7 Rb8 53. e8Q Rxe8 54. Kxe8 Kxh2 55. b8Q+ g3 56. Qf4 Kh1 57. Qf1+ Kh2 58. Qf4 Kh1 59. Qh4+ Kg2 60. Kf7 Kf3 61. Qh3 Kf2 62. Qh4 Kf3 63. Qf6+ Kg2 64. Kg6 Kh1 65. Qh4+ Kg2 66. Kf5 Kf2 67. Qf4+ Kg1 68. Qxg3+ Kh1 69. Qf3+ Kg1 70. Qe2 Kh1 71. Kg4 1-0

[Event "Titled Tuesday intern op 13th Sep Early"]
[Site "Chess.com INT"]
[Date "2022.09.13"]
[Round "10"]
[White "Wachinger, Guenther"]
[Black "Ibrahimli, Murad Sultanali"]
[Result "0-1"]
[WhiteElo "2218"]
[BlackElo "2416"]
[PlyCount "98"]
[EventDate "2022.09.13"]
[EventType "swiss (blitz)"]
[EventRounds "11"]
[EventCountry "USA"]
[SourceTitle "EXT 2023"]
[Source "ChessBase"]
[SourceDate "2022.10.05"]
[SourceVersion "1"]
[SourceVersionDate "2022.10.05"]
[SourceQuality "1"]

1. e4 c6 2. d4 d5 3. e5 Bf5 4. g4 Be4 5. f3 Bg6 6. e6 fxe6 7. h4 e5 8. h5 Bf7 9. dxe5 e6 10. Nh3 Nd7 11. f4 h6 12. Be3 Bc5 13. Qf3 Qb6 14. Bxc5 Qxb2 15. Qc3 Qxc3+ 16. Nxc3 Nxc5 17. Rb1 Ne7 18. Nf2 0-0-0 19. Nd3 Nxd3+ 20. Bxd3 Rhf8 21. Ke2 Kc7 22. Rbf1 a6 23. f5 c5 24. f6 gxf6 25. exf6 Nc6 26. Bg6 Ne5 27. Nd1 Rg8 28. Nf2 Nxg6 29. hxg6 Rxg6 30. g5 Rxg5 31. Rxh6 Kd6 32. Rh7 Rd7 33. c4 Bh5+ 34. Rxh5 Rxh5 35. Ne4+ Kc6 36. f7 Rxf7 37. Rxf7 dxe4 38. Ke3 Rh2 39. Rf6 Kd6 40. Rf7 b5 41. a4 bxa4 42. Kxe4 Rh4+ 43. Kd3 Rh3+ 44. Kc2 Ke5 45. Rd7 a3 46. Ra7 Kd4 47. Rxa6 e5 48. Ra4 e4 49. Ra8 Kxc4 0-1

[Event "Titled Tuesday intern op 23rd Aug Late"]
[Site "Chess.com INT"]
[Date "2022.08.23"]
[Round "1"]
[White "Jones, Gawain C B"]
[Black "Wachinger, Guenther"]
[Result "1-0"]
[WhiteElo "2632"]
[BlackElo "2218"]
[PlyCount "113"]
[EventDate "2022.08.23"]
[EventType "swiss (blitz)"]
[EventRounds "11"]
[EventCountry "USA"]
[SourceTitle "EXT 2023"]
[Source "ChessBase"]
[SourceDate "2022.10.05"]
[SourceVersion "1"]
[SourceVersionDate "2022.10.05"]
[SourceQuality "1"]

1. Nf3 d5 2. g3 e6 3. Bg2 Nf6 4. 0-0 Be7 5. c4 0-0 6. b3 a5 7. Bb2 a4 8. cxd5 exd5 9. bxa4 Bd7 10. Nc3 Nc6 11. d3 Nb4 12. a3 Na6 13. Ne5 Nc5 14. Nxd7 Qxd7 15. e4 d4 16. Ne2 Nxa4 17. Bxd4 Rfd8 18. Rb1 c6 19. Rb3 Nc5 20. Bxc5 Bxc5 21. Qc1 Bd4 22. Nxd4 Qxd4 23. Rxb7 Rxa3 24. Qxc6 Rxd3 25. Qc7 Qd7 26. Qxd7 R3xd7 27. Rxd7 Rxd7 28. e5 Ng4 29. Bh3 Rd4 30. Bxg4 Rxg4 31. f4 Rg6 32. Ra1 h5 33. Ra8+ Kh7 34. Ra7 Kg8 35. Ra8+ Kh7 36. Rf8 h4 37. Kf2 hxg3+ 38. hxg3 Ra6 39. Rxf7 Kg6 40. Rd7 Ra3 41. e6 Kf6 42. Rf7+ Kxe6 43. Rxg7 Kf6 44. Rg5 Rb3 45. Kg2 Rb8 46. Kh3 Rh8+ 47. Kg4 Rh1 48. Ra5 Rb1 49. Ra6+ Kf7 50. Kg5 Rb5+ 51. f5 Rb3 52. Ra7+ Kf8 53. g4 Rb6 54. f6 Rb8 55. Kg6 Kg8 56. Rg7+ Kh8 57. Rh7+ 1-0

[Event "Titled Tuesday intern op 16th Aug Late"]
[Site "Chess.com INT"]
[Date "2022.08.16"]
[Round "2"]
[White "Wachinger, Guenther"]
[Black "Coelho, Ramyres Santana"]
[Result "1/2-1/2"]
[WhiteElo "2218"]
[BlackElo "1981"]
[PlyCount "177"]
[EventDate "2022.08.16"]
[EventType "swiss (blitz)"]
[EventRounds "11"]
[EventCountry "USA"]
[SourceTitle "EXT 2023"]
[Source "ChessBase"]
[SourceDate "2022.10.05"]
[SourceVersion "1"]
[SourceVersionDate "2022.10.05"]
[SourceQuality "1"]

1. e4 c5 2. Nf3 d6 3. Bb5+ Nd7 4. a4 a6 5. Be2 g6 6. 0-0 Bg7 7. Nc3 e5 8. Nd5 Ngf6 9. d3 Nxd5 10. exd5 0-0 11. a5 h6 12. c4 f5 13. Rb1 g5 14. b4 g4 15. Ne1 Qh4 16. Ba3 h5 17. bxc5 Nxc5 18. Bxc5 dxc5 19. Qa4 f4 20. d6 Bf5 21. Rxb7 e4 22. Qc6 f3 23. Bd1 fxg2 24. Nxg2 Qg5 25. dxe4 Be6 26. Re7 Bxc4 27. Ne3 Bxf1 28. Nxf1 Qf6 29. Bb3+ Kh8 30. Qxc5 Bh6 31. Re6 Qg5 32. Qxg5 Bxg5 33. Bd5 Rae8 34. Rxe8 Rxe8 35. Ng3 Bf4 36. Nxh5 Bxd6 37. Nf6 Rf8 38. Nxg4 Bc5 39. Kg2 Kg7 40. Ne5 Rxf2+ 41. Kg3 Rd2 42. Nd7 Bd6+ 43. Kg4 Rxh2 44. Kf5 Rf2+ 45. Ke6 Bb4 46. e5 Re2 47. Nf6 Bc3 48. Ng4 Re1 49. Bc4 Kg6 50. Bxa6 Kg5 51. Nf6 Rxe5+ 52. Kd7 Rxa5 53. Ne4+ Kh4 54. Nxc3 Rxa6 55. Nd5 Ra5 56. Nc7 Ra7 57. Kc6 Ra1 58. Kb6 Rc1 59. Nb5 Rb1 60. Kc5 Kg4 61. Nd4 Kf4 62. Kc4 Ke4 63. Nc2 Rc1 64. Kc3 Kf3 65. Kd3 Kf2 66. Kd2 Rb1 67. Nd4 Rb8 68. Kd3 Rd8 69. Ke4 Kg3 70. Ke5 Kg4 71. Ne6 Re8 72. Kf6 Ra8 73. Ke5 Kh5 74. Kf6 Kh6 75. Ke5 Kg6 76. Nf4+ Kf7 77. Nd5 Ra5 78. Kd4 Ke6 79. Nf4+ Kf5 80. Nd3 Ke6 81. Nf4+ Kd6 82. Nd3 Rd5+ 83. Ke4 Ra5 84. Nf4 Ra4+ 85. Ke3 Ke5 86. Nd3+ Kd5 87. Nf4+ Kc4 88. Ke4 Kc5+ 89. Ke5 1/2-1/2

[Event "Titled Tuesday intern op 09th Aug Late"]
[Site "Chess.com INT"]
[Date "2022.08.09"]
[Round "1"]
[White "Wachinger, Guenther"]
[Black "Bortnyk, Olexandr"]
[Result "0-1"]
[WhiteElo "2218"]
[BlackElo "2604"]
[PlyCount "62"]
[EventDate "2022.08.09"]
[EventType "swiss (blitz)"]
[EventRounds "11"]
[EventCountry "USA"]
[SourceTitle "EXT 2023"]
[Source "ChessBase"]
[SourceDate "2022.10.05"]
[SourceVersion "1"]
[SourceVersionDate "2022.10.05"]
[SourceQuality "1"]

1. e4 d6 2. d4 Nf6 3. Nc3 Nbd7 4. Nf3 e5 5. Bc4 Be7 6. 0-0 c6 7. a4 h6 8. Ba2 Qc7 9. Re1 g5 10. dxe5 dxe5 11. Nd2 Nf8 12. Nc4 Ng6 13. a5 0-0 14. Ne3 Rd8 15. Qe2 Nf4 16. Qf1 Bb4 17. Nf5 Bxf5 18. exf5 Bxa5 19. Bxf4 exf4 20. Qc4 Bxc3 21. Qxc3 Kg7 22. Bb3 a6 23. Ra5 Re8 24. Rae5 Rxe5 25. Rxe5 Rd8 26. Re1 Qd7 27. Qc4 Re8 28. Rf1 Re5 29. h3 Rxf5 30. c3 f3 31. g3 Rc5 0-1

[Event "Titled Tuesday intern op 09th Aug Late"]
[Site "Chess.com INT"]
[Date "2022.08.09"]
[Round "3"]
[White "Wachinger, Guenther"]
[Black "Sohier, Julien"]
[Result "1-0"]
[WhiteElo "2218"]
[BlackElo "2192"]
[PlyCount "49"]
[EventDate "2022.08.09"]
[EventType "swiss (blitz)"]
[EventRounds "11"]
[EventCountry "USA"]
[SourceTitle "EXT 2023"]
[Source "ChessBase"]
[SourceDate "2022.10.05"]
[SourceVersion "1"]
[SourceVersionDate "2022.10.05"]
[SourceQuality "1"]

1. e4 e5 2. Nf3 Nc6 3. Bb5 a6 4. Ba4 Nf6 5. 0-0 Nxe4 6. d4 Be7 7. Re1 b5 8. Bb3 d5 9. Nxe5 Nxe5 10. dxe5 Be6 11. c3 0-0 12. Bc2 Nc5 13. Nd2 Qd7 14. Nb3 Na4 15. Nd4 c5 16. Nxe6 fxe6 17. Qh5 g6 18. Bxg6 Bd8 19. Bh6 Bc7 20. Bxf8 Rxf8 21. Bc2 Nxb2 22. Re3 Nc4 23. Rg3+ Kh8 24. Qh6 Rf7 25. Bxh7 1-0

[Event "Titled Tuesday intern op 09th Aug Late"]
[Site "Chess.com INT"]
[Date "2022.08.09"]
[Round "7"]
[White "Wachinger, Guenther"]
[Black "Todorovic, Bojan"]
[Result "1-0"]
[WhiteElo "2218"]
[BlackElo "2176"]
[PlyCount "31"]
[EventDate "2022.08.09"]
[EventType "swiss (blitz)"]
[EventRounds "11"]
[EventCountry "USA"]
[SourceTitle "EXT 2023"]
[Source "ChessBase"]
[SourceDate "2022.10.05"]
[SourceVersion "1"]
[SourceVersionDate "2022.10.05"]
[SourceQuality "1"]

1. e4 c5 2. b4 d5 3. exd5 Qxd5 4. Nf3 cxb4 5. Bb2 Nc6 6. a3 e5 7. axb4 e4 8. c4 Qh5 9. b5 exf3 10. bxc6 fxg2 11. Bxg2 Bg4 12. cxb7 Rb8 13. Qa4+ Bd7 14. Qxa7 Bd6 15. Bxg7 Qg5 16. Qe3+ 1-0

[Event "Titled Tuesday intern op 26th Jul Late"]
[Site "Chess.com INT"]
[Date "2022.07.26"]
[Round "1"]
[White "Grigorov, Grigor"]
[Black "Wachinger, Guenther"]
[Result "1-0"]
[WhiteElo "2511"]
[BlackElo "2218"]
[PlyCount "109"]
[EventDate "2022.07.26"]
[EventType "swiss (blitz)"]
[EventRounds "11"]
[EventCountry "USA"]
[SourceTitle "EXT 2023"]
[Source "ChessBase"]
[SourceDate "2022.10.05"]
[SourceVersion "1"]
[SourceVersionDate "2022.10.05"]
[SourceQuality "1"]

1. d4 d5 2. c4 e6 3. Nf3 c6 4. g3 Nf6 5. Bg2 Be7 6. 0-0 0-0 7. Qc2 b6 8. Nbd2 Bb7 9. Rd1 Nbd7 10. e4 dxc4 11. Nxc4 c5 12. Ng5 h6 13. d5 exd5 14. exd5 hxg5 15. d6 Bxg2 16. Kxg2 Bxd6 17. Nxd6 g4 18. Bg5 Qc7 19. Qf5 Qc6+ 20. Kg1 Qf3 21. Qxf3 gxf3 22. Rd3 Ne5 23. Re3 Rad8 24. Ne4 Neg4 25. Ree1 Nxe4 26. Rxe4 f5 27. Rf4 Rd3 28. Re1 Nh6 29. Bxh6 gxh6 30. h4 Rd2 31. Rxf3 Rxb2 32. Re7 Rxa2 33. Rd3 Rf7 34. Re6 Kg7 35. Rdd6 f4 36. g4 f3 37. Rg6+ Kf8 38. Rxh6 Rf4 39. Rhf6+ Rxf6 40. Rxf6+ Ke7 41. Rxf3 c4 42. h5 Rd2 43. h6 Rd8 44. g5 b5 45. g6 b4 46. g7 c3 47. h7 c2 48. g8Q c1Q+ 49. Kg2 Rf8 50. Qxf8+ Kd7 51. Qf7+ Kc6 52. h8Q Qg5+ 53. Rg3 Qd5+ 54. Qf3 Qxf3+ 55. Rxf3 1-0

[Event "Titled Tuesday intern op 26th Jul Late"]
[Site "Chess.com INT"]
[Date "2022.07.26"]
[Round "7"]
[White "Wachinger, Guenther"]
[Black "Sarkar, Justin"]
[Result "1-0"]
[WhiteElo "2218"]
[BlackElo "2346"]
[PlyCount "101"]
[EventDate "2022.07.26"]
[EventType "swiss (blitz)"]
[EventRounds "11"]
[EventCountry "USA"]
[SourceTitle "EXT 2023"]
[Source "ChessBase"]
[SourceDate "2022.10.05"]
[SourceVersion "1"]
[SourceVersionDate "2022.10.05"]
[SourceQuality "1"]

1. e4 e5 2. Nf3 Nc6 3. Nc3 Nf6 4. a3 g6 5. Bc4 Bg7 6. 0-0 0-0 7. d3 d6 8. Ne2 Bg4 9. c3 Bxf3 10. gxf3 d5 11. Ba2 h6 12. Ng3 Qd7 13. Kg2 Rad8 14. Qe2 Kh7 15. b4 Ne7 16. c4 d4 17. f4 exf4 18. Bxf4 Nfg8 19. c5 f5 20. e5 Nd5 21. Bxd5 Qxd5+ 22. Qf3 Qxf3+ 23. Kxf3 g5 24. Bd2 Bxe5 25. Rfe1 Rd5 26. Kg2 Ne7 27. f4 gxf4 28. Bxf4 Ng6 29. Bxe5 Nxe5 30. Rad1 f4 31. Ne4 f3+ 32. Kf1 Ng4 33. Rd2 Rh5 34. Ng3 Ne3+ 35. Kg1 f2+ 36. Rxf2 Rxf2 37. Kxf2 Rxh2+ 38. Kf3 Ra2 39. Ke4 Rxa3 40. Rh1 Kg6 41. Kxd4 Nc2+ 42. Kc4 Ne3+ 43. Kd4 Nc2+ 44. Ke4 Nxb4 45. d4 Nc6 46. Nf5 Nd8 47. Rxh6+ Kg5 48. Rh8 Ne6 49. Ke5 Ng7 50. Rg8 Re3+ 51. Nxe3 1-0

[Event "Titled Tuesday intern op 19th Jul Late"]
[Site "Chess.com INT"]
[Date "2022.07.19"]
[Round "2"]
[White "Wachinger, Guenther"]
[Black "Barash, Anton"]
[Result "1-0"]
[WhiteElo "2218"]
[BlackElo "2080"]
[PlyCount "31"]
[EventDate "2022.07.19"]
[EventType "swiss (blitz)"]
[EventRounds "11"]
[EventCountry "USA"]
[SourceTitle "EXT 2023"]
[Source "ChessBase"]
[SourceDate "2022.10.05"]
[SourceVersion "1"]
[SourceVersionDate "2022.10.05"]
[SourceQuality "1"]

1. e4 e6 2. d4 d5 3. Nc3 Bb4 4. Nge2 dxe4 5. a3 Bxc3+ 6. Nxc3 Nc6 7. Bf4 Qxd4 8. Nb5 Qxd1+ 9. Rxd1 e5 10. Nxc7+ Ke7 11. Nxa8 exf4 12. Nc7 Nf6 13. Bc4 Bg4 14. Be2 Rc8 15. Nd5+ Kf8 16. Nxf6 1-0

[Event "Titled Tuesday intern op 05th Jul Late"]
[Site "Chess.com INT"]
[Date "2022.07.05"]
[Round "1"]
[White "Wachinger, Guenther"]
[Black "Bilych, Olexiy"]
[Result "0-1"]
[WhiteElo "2218"]
[BlackElo "2365"]
[PlyCount "106"]
[EventDate "2022.07.05"]
[EventType "swiss (blitz)"]
[EventRounds "11"]
[EventCountry "USA"]
[SourceTitle "CBM 209 Extra"]
[Source "ChessBase"]
[SourceDate "2022.09.30"]
[SourceVersion "1"]
[SourceVersionDate "2022.09.30"]
[SourceQuality "1"]

1. e4 e5 2. Nf3 Nc6 3. Bc4 Bc5 4. c3 Nf6 5. d3 d6 6. 0-0 0-0 7. a4 a5 8. h3 h6 9. Re1 Re8 10. Na3 Be6 11. Bxe6 Rxe6 12. Nc4 d5 13. exd5 Qxd5 14. Be3 Rd8 15. Qb3 Bxe3 16. Rxe3 e4 17. dxe4 Nxe4 18. Rae1 b6 19. Qb5 Nc5 20. Rxe6 Nxe6 21. Qxd5 Rxd5 22. g3 Kf8 23. Kg2 Nc5 24. Ra1 f6 25. h4 g5 26. hxg5 hxg5 27. Ne3 Rd8 28. Nf5 Kf7 29. N3d4 Nxd4 30. cxd4 Ne6 31. Rc1 Kg6 32. Ne7+ Kf7 33. Nf5 c5 34. dxc5 Nxc5 35. Rc4 Rd2 36. b4 axb4 37. Rxb4 Rxf2+ 38. Kxf2 Nd3+ 39. Ke3 Nxb4 40. Kd4 Nc6+ 41. Kd5 Ne7+ 42. Nxe7 Kxe7 43. Kc6 f5 44. Kxb6 f4 45. gxf4 g4 46. a5 g3 47. a6 g2 48. a7 g1Q+ 49. Kb7 Qg2+ 50. Kb8 Qb2+ 51. Ka8 Kd7 52. f5 Kc7 53. f6 Qg2# 0-1

[Event "Titled Tuesday intern op 21st Jun Early"]
[Site "Chess.com INT"]
[Date "2022.06.21"]
[Round "1"]
[White "Tan, Zhongyi"]
[Black "Wachinger, Guenther"]
[Result "1-0"]
[WhiteElo "2525"]
[BlackElo "2215"]
[PlyCount "123"]
[EventDate "2022.06.21"]
[EventType "swiss (blitz)"]
[EventRounds "11"]
[EventCountry "USA"]
[SourceTitle "EXT 2023"]
[Source "ChessBase"]
[SourceDate "2022.10.05"]
[SourceVersion "1"]
[SourceVersionDate "2022.10.05"]
[SourceQuality "1"]

1. e4 c5 2. Nf3 d6 3. d4 cxd4 4. Nxd4 Nf6 5. Nc3 g6 6. f3 Bg7 7. Be3 0-0 8. Qd2 Nc6 9. 0-0-0 d5 10. exd5 Nxd5 11. Nxc6 bxc6 12. Bd4 Bxd4 13. Qxd4 Qb6 14. Na4 Qa5 15. b3 Be6 16. Bc4 Rfd8 17. Qc5 Qc7 18. h4 Rab8 19. h5 Qe5 20. hxg6 Qa1+ 21. Kd2 Nc3+ 22. Bd3 Nxd1 23. gxh7+ Kh8 24. Rxd1 Qf6 25. Qxa7 Qg5+ 26. Qe3 Qxg2+ 27. Kc1 Qg7 28. Kb1 Ra8 29. Rg1 Qf6 30. Nc5 Bd5 31. f4 Ra5 32. a4 Rxc5 33. Qxc5 Bxb3 34. Rg8+ Rxg8 35. hxg8Q+ Kxg8 36. cxb3 Qxf4 37. Qc4 Qd2 38. a5 Qxa5 39. Qxc6 Qd2 40. Qc2 Qb4 41. Qg2+ Kf8 42. Bc4 e6 43. Qe2 Ke7 44. Qe4 Qb6 45. Kc2 f5 46. Qe5 Qf2+ 47. Kc3 Qf3+ 48. Kb4 Qb7+ 49. Ka5 Qa7+ 50. Kb4 Qb7+ 51. Qb5 Qxb5+ 52. Kxb5 e5 53. Kc6 e4 54. b4 Kf6 55. b5 f4 56. b6 f3 57. Bd5 e3 58. Bxf3 Ke5 59. Be2 Kd4 60. b7 Kc3 61. b8Q Kd2 62. Qh2 1-0

[Event "Titled Tuesday intern op 21st Jun Early"]
[Site "Chess.com INT"]
[Date "2022.06.21"]
[Round "3"]
[White "Wachinger, Guenther"]
[Black "Alinasab, Mobina"]
[Result "0-1"]
[WhiteElo "2215"]
[BlackElo "2364"]
[PlyCount "118"]
[EventDate "2022.06.21"]
[EventType "swiss (blitz)"]
[EventRounds "11"]
[EventCountry "USA"]
[SourceTitle "EXT 2023"]
[Source "ChessBase"]
[SourceDate "2022.10.05"]
[SourceVersion "1"]
[SourceVersionDate "2022.10.05"]
[SourceQuality "1"]

1. e4 c5 2. Nf3 e6 3. d4 cxd4 4. Nxd4 Nf6 5. Nc3 Nc6 6. Ndb5 Bb4 7. a3 Bxc3+ 8. Nxc3 d5 9. exd5 exd5 10. Bd3 0-0 11. 0-0 d4 12. Ne2 Bg4 13. f3 Bh5 14. Bf4 Bg6 15. Bxg6 hxg6 16. Qd3 Nd5 17. Bd2 Qb6 18. b4 a6 19. Rad1 Rad8 20. Kh1 Rfe8 21. c4 dxc3 22. Nxc3 Ne3 23. Bxe3 Rxd3 24. Bxb6 Rxc3 25. Rd7 Re7 26. Rxe7 Nxe7 27. Rd1 Rxa3 28. h3 Nc6 29. Rd7 Nxb4 30. Rxb7 Nd3 31. Ra7 Ra1+ 32. Kh2 Ra2 33. Kh1 Nf4 34. Ra8+ Kh7 35. Ra7 f6 36. Bc5 a5 37. Bd6 Ne6 38. Re7 Nd4 39. Ra7 Nb5 40. Ra6 a4 41. Bb4 Ra1+ 42. Kh2 a3 43. Ra5 a2 44. Kg3 Nd4 45. Kh4 Nc6 46. Bc3 Nxa5 47. Bxa1 Nb3 48. Bb2 a1Q 49. Bxa1 Nxa1 50. g4 Nc2 51. f4 Nd4 52. g5 f5 53. Kg3 Kg8 54. Kf2 Kf7 55. Ke3 Nb5 56. Kd3 Ke6 57. Kc4 Nc7 58. Kd4 Nd5 59. h4 Nxf4 0-1

[Event "Titled Tuesday intern op 21st Jun Late"]
[Site "Chess.com INT"]
[Date "2022.06.21"]
[Round "8"]
[White "Wachinger, Guenther"]
[Black "Ambartsumova, Karina"]
[Result "0-1"]
[WhiteElo "2215"]
[BlackElo "2386"]
[PlyCount "40"]
[EventDate "2022.06.21"]
[EventType "swiss (blitz)"]
[EventRounds "11"]
[EventCountry "USA"]
[SourceTitle "EXT 2023"]
[Source "ChessBase"]
[SourceDate "2022.10.05"]
[SourceVersion "1"]
[SourceVersionDate "2022.10.05"]
[SourceQuality "1"]

1. e4 e5 2. Nf3 Nc6 3. Nc3 Nf6 4. a3 a6 5. d4 exd4 6. Nxd4 Bc5 7. Be3 Nxd4 8. Bxd4 Qe7 9. Bxc5 Qxc5 10. Qd3 0-0 11. h3 b5 12. g4 Bb7 13. g5 Nxe4 14. Nxe4 Bxe4 15. Qxe4 Rfe8 16. Qxe8+ Rxe8+ 17. Kd2 Qxf2+ 18. Kc3 Qc5+ 19. Kb3 Qd5+ 20. c4 Qxh1 0-1